Comunicación y tiempo lúdico en la museografía (Record no. 5741)

MARC details
000 -CABECERA
campo de control de longitud fija 00977nam a2200217 a 4500
001 - NÚMERO DE CONTROL
campo de control BRCA_6054
005 - FECHA Y HORA DE LA ÚLTIMA TRANSACCIÓN
campo de control 20190320205320.0
008 - DATOS DE LONGITUD FIJA--INFORMACIÓN GENERAL
campo de control de longitud fija 170608s1996----mx-a---###---#000-0#spa-#
050 #4 - SIGNATURA TOPOGRÁFICA DE LA BIBLIOTECA DEL CONGRESO
Número de clasificación AM5
Número de documento/Ítem .B45 1996
100 1# - ENTRADA PRINCIPAL--NOMBRE DE PERSONA
Nombre de persona Beltrán Fernández, Adriana
9 (RLIN) 15274
245 10 - MENCIÓN DE TÍTULO
Título Comunicación y tiempo lúdico en la museografía
Resto del título investigación y proyecto para el uso de medios de comunicación en la Sala Mexica del Museo Nacional de Antropología, Ciudad de México.
260 ## - PUBLICACIÓN, DISTRIBUCIÓN, ETC.
Lugar de publicación, distribución, etc. Ciudad de México
Fecha de publicación, distribución, etc. 1996
300 ## - DESCRIPCIÓN FÍSICA
Extensión 137 p.
Otras características físicas il.
502 ## - NOTA DE TESIS
Nota de tesis Tesis Licenciatura (Licenciado en Comunicación) Fundación Universidad de las Américas-Puebla, Escuela de Ciencias Sociales
610 24 - PUNTO DE ACCESO ADICIONAL DE MATERIA--NOMBRE DE ENTIDAD CORPORATIVA
Nombre de entidad corporativa o nombre de jurisdicción como elemento de entrada Museo Nacional de Antropología (Ciudad de México)
Subdivisión de forma Medios de comunicación
Subdivisión general Sala Mexica
9 (RLIN) 15275
650 14 - PUNTO DE ACCESO ADICIONAL DE MATERIA--TÉRMINO DE MATERIA
Término de materia o nombre geográfico como elemento de entrada Museografía
Subdivisión general Comunicación
9 (RLIN) 15276
700 1# - PUNTO DE ACCESO ADICIONAL--NOMBRE DE PERSONA
Nombre de persona Luna Suárez, Mari Nieves
Término indicativo de función/relación Coautor
9 (RLIN) 15277
700 1# - PUNTO DE ACCESO ADICIONAL--NOMBRE DE PERSONA
Nombre de persona Bouhellec, Laurence Le
Término indicativo de función/relación asesor
9 (RLIN) 15278
902 ## - CATALOGADOR
Iniciales TES
942 ## - ELEMENTOS DE PUNTO DE ACCESO ADICIONAL (KOHA)
Fuente del sistema de clasificación o colocación Library of Congress Classification
Tipo de ítem Koha Tesis
Holdings
Estado de retiro Estado de pérdida Estado dañado No para préstamo Localización permanente Ubicación/localización actual Fecha de adquisición Total de préstamos Signatura topográfica completa Código de barras Fecha visto por última vez Precio válido a partir de Tipo de ítem Koha
El ejemplar forma parte de la colección y puede ser consultado según las políticas vigentes.       Biblioteca del Museo Franz Mayer (Rogerio Casas-Alatriste) Biblioteca del Museo Franz Mayer (Rogerio Casas-Alatriste) 24/05/2011   AM5 .B45 1996 TES00020 22/03/2019 22/03/2019 Tesis